Catalog

Record Details

Catalog Search



Available copies

  • 1 of 1 copy available at LARL/NWRL Consortium.

Current holds

0 current holds with 1 total copy.

Show Only Available Copies
Location Call Number / Copy Notes Barcode Shelving Location Status Due Date
Godel Memorial-Warren Library 940.54 MIL (Text) 35500005281801 Main Available -

Record details

  • ISBN: 080947266X
  • ISBN: 0809472678 (lib. bdg.)
  • Physical Description: 443 p. ; 22 cm.
  • Publisher: [Alexandria, Va.] : Time-Life Books, 1989.

Content descriptions

General Note:
Previously published: Melbourne : W. Heinemann, 1953.
Subject: Millar, George Reid.
World War, 1939-1945 > Personal narratives, British.
World War, 1939-1945 > Prisoners and prisons, German.
World War, 1939-1945 > France.
LDR 01188cam a2200313 a 4500
001154533
003LARL_NWRL_CONSORTIUM
00519991127091736.0
008880922r19891953vau 000 0aeng
020 . ‡a080947266X
020 . ‡a0809472678 (lib. bdg.)
035 . ‡9(DLC) 88029518
043 . ‡ae-uk--- ‡ae-gx--- ‡ae-fr---
049 . ‡aNRG
08200. ‡a940.54/86/41 ‡219
1001 . ‡aMillar, George Reid. ‡0(LARL_NWRL_CONSORTIUM)65463
24510. ‡aHorned pigeon / ‡cby George Millar.
260 . ‡a[Alexandria, Va.] : ‡bTime-Life Books, ‡c1989.
300 . ‡a443 p. ; ‡c22 cm.
4900 . ‡aClassics of World War II. The secret war
500 . ‡aPreviously published: Melbourne : W. Heinemann, 1953.
60010. ‡aMillar, George Reid. ‡0(LARL_NWRL_CONSORTIUM)65463
650 0. ‡aWorld War, 1939-1945 ‡vPersonal narratives, British. ‡0(LARL_NWRL_CONSORTIUM)36732
650 0. ‡aWorld War, 1939-1945 ‡xPrisoners and prisons, German. ‡0(LARL_NWRL_CONSORTIUM)34999
650 0. ‡aWorld War, 1939-1945 ‡zFrance. ‡0(LARL_NWRL_CONSORTIUM)35022
901 . ‡a154533 ‡bISxN ‡c154533 ‡tbiblio

Additional Resources